书目信息 |
| 题名: |
广州音字典
|
|
| 作者: | 饶秉才 主编 | |
| 分册: | ||
| 出版信息: | 广州 广东人民出版社 1983 |
|
| 页数: | 481页 | |
| 开本: | 19cm | |
| 丛书名: | ||
| 单 册: | ||
| 中图分类: | H177.2-61 | |
| 科图分类: | ||
| 主题词: | 闽南语 | |
| 电子资源: | ||
| ISBN: | ||
| 000 | 00652nam0 2200229 45 | |
| 001 | 0183011523 | |
| 005 | 20050428111212.4 | |
| 010 | @dCNY2.10 | |
| 091 | @aCN@b17111.28 | |
| 100 | @a19950114d1983 em y0chiy0121 ea | |
| 101 | 0 | @achi |
| 102 | @aCN@b440000 | |
| 105 | @ay e 000yy | |
| 200 | 10 | @a广州音字典@Aguang zhou yin zi dian@e普通话对照@EPu Tong Hua Dui Zhao@f饶秉才主编@FRao Bing Cai Zhu Bian |
| 210 | @a广州@c广东人民出版社@d1983 | |
| 215 | @a481页@d19cm | |
| 606 | 0 | @a闽南语 |
| 690 | @aH177.2-61@v3 | |
| 701 | 0 | @a饶秉才@4主编 |
| 801 | 0 | @aCN@b上海图书馆@c20050427 |
| 801 | 2 | @aCN@bNLC@c20050427 |
| 905 | @f4@b118578-581@dH177.2-61@e2 | |
| 广州音字典:普通话对照/饶秉才主编.-广州:广东人民出版社,1983 |
| 481页;19cm |
| ISBN :CNY2.10 |
| ● |
| 相关链接 |
|
|
|
|
正题名:广州音字典
索取号:H177.2-61/2
 
预约/预借
| 序号 | 登录号 | 条形码 | 馆藏地/架位号 | 状态 | 备注 |
| 1 | 0118578 | 002036326 | 密集书库/ [索取号:H177.2-61/2] | 在馆 | |
| 2 | 0118579 | 001566335 | 密集书库/ [索取号:H177.2-61/2] | 在馆 | |
| 3 | 0118580 | 001566399 | 工具书阅览室/ [索取号:H177.2-61/2] | 在馆 | |
| 4 | 0118581 | 001566353 | 密集书库/ [索取号:H177.2-61/2] | 在馆 | |
| 5 | 0118582 | 001566362 | 第二样本阅览室/ [索取号:H177.2-61/2] | 在馆 |